000 00738nam a22002417a 4500
001 54520
003 UA-OsUOA
005 20211104115558.0
007 ta
008 20080619b un ||||| |||| 00| 0 ukr d
020 _a966316087Х
040 _aUA-OsUOA
_bukr
_cUA-OsUOA
_dUA-OsUOA
041 _aukr
080 _a343.2/7(094)
090 _a343.2/7(094)
_bА72
245 _aАнтологія сиску
260 _aК.
_bЗнання України
_c2005
300 _a596 с.
505 _gТ. 1
_tДокументи та матеріали з кримінального сиску (1397 – 1918 рр.)
650 7 _a343 Кримінальне право. Карні порушення
_2UDC
942 _cBK
_2udc
955 _a1
999 _c340493
_d340493